Missing Word: Movie Heroes Quiz Stats

 Plays Quiz Updated Jun 20, 2015

Challenge
Share
Tweet
Embed
Score 0/24 Timer 04:00
0 Plays Today
Hint Missing Word % Correct
Indiana _____Jones
99.9%
_____ BondJames
99.7%
Han _____Solo
96.1%
_____ WayneBruce
92.2%
Atticus _____Finch
87.4%
James T. _____Kirk
86.4%
Peter _____Parker
83.5%
Tony _____Stark
72.8%
William _____Wallace
68.7%
_____ CogburnRooster
67.7%
_____ BlaineRick
63.7%
Clarice _____Starling
56.7%
Hint Missing Word % Correct
_____ HuntEthan
55.4%
_____ DufresneAndy
53.4%
_____ LangdonRobert
52.3%
_____ JoadTom
49%
George _____Bailey
46.8%
John _____McClane
45.7%
_____ RipleyEllen
43.9%
_____ MarlowePhillip
41.7%
Virgil _____Tibbs
36.6%
_____ GundersonMarge
30.6%
_____ KowalskiWalt
20.1%
_____ MalloyTerry
10.4%

Today's Daily Dose

You're not logged in!

Compare scores with friends on all Sporcle quizzes.
Join for Free
OR
Log In

You Might Also Like...

Show Comments

Extras

Top Quizzes Today


Score Distribution

Your Account Isn't Verified!

In order to create a playlist on Sporcle, you need to verify the email address you used during registration. Go to your Sporcle Settings to finish the process.

Report this User

Report this user for behavior that violates our Community Guidelines.

Details: